000 01079nam a2200301 a 4500
999 _c377638
_d377638
003 BLK
005 20241005005425.0
008 200311b bul|||||r ||||||| ||bul||
040 _aBLK
041 _aBUL
_cBUL
080 _aМузика
_b78
_z78
100 1 _aМилщейн, Яков Исакович
_eПърви автор
_996076
139 _aМилщейн, Я.
245 1 0 _aЛист
_b[Живот и творчество]
_cЯ. Милщейн; Прев. от рус. Константин Ганев.
257 _aBGR
260 _aСофия
_bНаука и изкуство
_c1959
_9209548
_n978-954-02-
300 _a120 с., 1 л.
_bпортр.
_c18 см
380 _a7
490 _aВ помощ на слушателя
_v29
_9201605
500 _a1 081 тир. 1,95 лв.
600 0 _aЛист, Ференц
_d1811 - 1886
_9376440
700 _aГанев, Константин
_eпрев. от рус.
_9316771
852 _aЦб І 3229
856 4 _qpdf
_u
856 4 _qpdf
_u
942 _cKNG
_n0
_s1
944 _aCR
_c2020-07-29
_k
_lCRON CRON